000 00382nam a2200181Ia 4500
008 210210b xxu||||| |||| 00| 0 eng d
041 _aeng
082 _a821/865
100 _aDATTA (R)
245 _aShakuntala & Her Keepsake
260 _a
_b-
_c
650 _aShakuntala
650 _aKeepsake
650 _aHer
650 _a&
690 _aEnglish Drama
906 _a012031
999 _c130782
_d130782